Statistics for Movie Quotes

Click here to take the quiz!

General Stats

  • This quiz has been taken 46 times
  • The average score is 4 of 15

Answer Stats

HintAnswer% Correct
I don't know who you are. I don't know what you want. If you are looking for ransom, I can tell you I don't have money. But what I do have are a very particular set of skills; skills I have acquired over a very long career. Skills that make me a nightmare for people like you.Taken
73%
Now remember, what happens in Vegas stays, in Vegas... Except herpes, that shit will come back with you.The Hangover
68%
I'm the world's most dangerous predator. Everything about me invites you in. My voice, my face, even my smell. As if I would need any of that. As if you could outrun me. As if you could fight me off. I'm designed to kill.Twilight
36%
There are things on your boat that no one has ever seen. These shells, the music box and the reflecting glass. Well, if not from dry land, then where? Where?Waterworld
30%
Kissing? That's what you think happens? I've got news for you. Kissing isn't what keeps me up to my elbows in placenta all day long.10 Things I Hate About You
27%
Okay, here's the shot out of the cannon: Oprah, Barbara Walters, your wife. You gotta f*&# one, marry one, kill one, go!Step Brothers
25%
Inviting me down there - on such short notice! Even if I wanted to go my schedule wouldn't allow it. 4:00, wallow in self pity; 4:30, stare into the abyss; 5:00, solve world hunger, tell no one; 5:30, jazzercize; 6:30, dinner with me - I can't cancel that again; 7:00, wrestle with my self-loathing... I'm booked. Of course, if I bump the loathing to 9, I could still be done in time to lay in bed, stare at the ceiling and slip slowly into madness. But what would I wear?How The Grinch Stole Christmas
23%
50,000! You scored 50,000 points on Double Dragon?The Wizard
18%
You know, I think about them too boys. Dead, buried, probably starting to rot. And I remember them walking into court... one proud, the other scared. I remember how they fell. One on top of the other, screaming and squirming and not going nowhere. God help me Gwen, but that's the only thought that give me comfort.A Time to Kill
16%
In "Confessions of a Winning Poker Player," Jack King said, "Few players recall big pots they have won, strange as it seems, but every player can remember with remarkable accuracy the outstanding tough beats of his career." It seems true to me, cause walking in here, I can hardly remember how I built my bankroll, but I can't stop thinking of how I lost it.Rounders
16%
Throughout my lifetime, I've left pieces of my heart here and there. And now, there's almost not enough to stay alive. But I force a smile, knowing that my ambition far exceeded my talent. There are no more white horses or pretty ladies at my doorBlow
9%
No, I used to candle eggs at his farm. Do you know what that is? You hold an egg up to the light of a candle and you look for imperfections. The first time I did it he told me to put all the eggs that were cracked or flawed into a bucket for the bakery. And he came back an hour later, and there were 300 eggs in the bakery bucket. He asked me what the hell I was doing. I found a flaw in every single one of them - you know, thin places in the shell; fine, hairline cracks. You look closely enough, you'll find that everything has a weak spot where it can break, sooner or later.Fracture
9%
Sorry about that, son. But sometimes there's more to life than just livin'. Besides, you can't have a Kansas City Shuffle without a body.Lucky Number Slevin
9%
It's the sense of touch. In any real city, you walk, you know? You brush past people, people bump into you. In L.A., nobody touches you. We're always behind this metal and glass. I think we miss that touch so much, that we crash into each other, just so we can feel something.Crash
7%
"How do you think the Yankees will do against the Redskins this year? " "The Yankees are a baseball team. The Redskins are a football team. Personally, I think the Redskins would kick the shit out of them."Murder in the First
7%

Score Distribution

Percentile by Number Answered

Percent of People with Each Score

Your Score History

You have not taken this quiz